|
|
|
|
| LEADER |
01497nam a2200301 a 4500 |
| 001 |
13235699 |
| 008 |
100405r20042003njua 001 0 eng d |
| 010 |
|
|
|a 2003545061
|
| 040 |
|
|
|a HUA
|c HUA
|d DLC
|
| 020 |
|
|
|a 8129703564
|
| 020 |
|
|
|a 0130477214
|
| 082 |
0 |
0 |
|a 005.13/3
|2 22
|
| 100 |
1 |
|
|a Langsam, Yedidyah,
|d 1952-
|
| 245 |
1 |
0 |
|a Data structures using Java /
|c Yedidyah Langsam, Moshe J. Augenstein, Aaron M. Tenenbaum.
|
| 260 |
|
|
|a Upper Saddle River, N.J. :
|b Pearson Prentice Hall,
|c c2003. [Reprinted 2004]
|
| 300 |
|
|
|a xvii, 670 p. :
|b ill. ;
|c 25 cm.
|
| 500 |
|
|
|a On t.p. the registered trademark symbol "TM" is superscript following "Java" in the title.
|
| 500 |
|
|
|a Includes index.
|
| 541 |
1 |
|
|e 00016432
|
| 650 |
|
0 |
|a Java (Computer program language)
|
| 650 |
|
0 |
|a Data structures (Computer science)
|
| 700 |
1 |
|
|a Augenstein, Moshe,
|d 1947-
|
| 700 |
1 |
|
|a Tenenbaum, Aaron M.
|
| 852 |
4 |
|
|a Ayesha Abed Library
|j General shelf
|
| 999 |
|
|
|c 7968
|d 7968
|
| 952 |
|
|
|0 0
|1 0
|2 ddc
|4 0
|6 005_133000000000000_LAN_2004
|7 0
|9 8991
|a BRACUL
|b BRACUL
|c GEN
|d 2010-04-06
|l 24
|m 250
|o 005.133 LAN
|p 3010016432
|q 2026-06-02
|r 2025-11-03
|s 2025-11-03
|t 1
|w 2010-04-06
|y BK
|
| 952 |
|
|
|0 0
|1 0
|2 ddc
|4 0
|6 005_133000000000000_LAN_2004
|7 0
|9 12074
|a BRACUL
|b BRACUL
|c GEN
|d 2010-09-23
|l 17
|m 190
|o 005.133 LAN
|p 3010016433
|r 2025-06-24
|s 2024-11-10
|t 2
|w 2010-09-23
|y BK
|
| 952 |
|
|
|0 0
|1 0
|2 ddc
|4 0
|6 005_133000000000000_LAN_2004
|7 0
|9 13739
|a BRACUL
|b BRACUL
|c GEN
|d 2011-01-02
|l 26
|m 204
|o 005.133 LAN
|p 3010016434
|r 2026-02-24
|s 2026-02-17
|t 3
|w 2011-01-02
|y BK
|